Opravné položky a rezervy v roku 2008

Bibliographic Details
Main Author: Turóciová, Jana (Author)
Format: Article
Language:Slovak
PhysicalDescription:Tab.
ISSN:1335-0897
Subjects:

MARC

LEADER 00000nab a2200000 ar4500
001 vtls009515866
003 SK-MaSNL
005 20260426073927.0
008 090522c2009 xo zr|p|||||||000 b|slo
015 |a SNBRB2009/05  |2 snkbucl 
038 |a SNKBUCL 
040 |a SNKBUCL  |b slo  |c SNKBUCL  |e AACR2 
041 0 |a slo 
044 |a xo  |c SK 
080 |a 657.23  |2 2001 
080 |a 657.411.6  |2 2001 
100 1 |a Turóciová, Jana  |4 aut  |9 310666 
245 1 0 |a Opravné položky a rezervy v roku 2008  |c Jana Turóciová 
300 |b Tab. 
648 7 |a 2008  |2 snkbucl  |9 317238 
650 0 7 |a účtovníctvo  |2 snkbucl  |9 649 
650 0 7 |a opravné položky  |2 snkbucl  |9 771370 
650 0 7 |a rezervy (ekonómia)  |2 snkbucl  |9 161082 
651 7 |a Slovensko  |2 snkbucl  |9 14231 
773 0 |t Daňový a účtovný poradca podnikateľa  |g Č. 2-3 (2009), s. 241-261  |x 1335-0897 
852 |a SNK  |b KIS3GCP 
958 |a SK 
999 |c 2720113  |d 2722043